000 00955nac a22002897a 4500
001 BR0405803
003 BR-BrBNA
005 20240105123052.0
008 230509b bl.|||m| |||| 00| 0 por d
040 _aBR-BrBNA
_bpor
_cBiblioteca Nacional de Agricultura
041 _a(Pt)
072 _aE80
090 _aE80 BR0405803
110 1 _aEmpresa de Pesquisa Agropecuária e Extensão Rural de Santa Catarina, S.A., Florianópolis (Brasil)
245 1 _aReceitas culinárias do meio rural de Itajaí 3
260 3 _aFlorianópolis, SC (Brasil):
_c2004.
300 _a30 p.
490 _aBoletim Didático - Empresa de Pesquisa Agropecuária e Extensão Rural de Santa Catarina (Brazil)
_vno. 58
_xISSN 1414-5219
650 _aCULINÁRIA
650 _aCOCÇÃO
650 _aCREME
650 _aBOLO
650 _aECONOMIA DOMESTICA
650 _aSANTA CATARINA
909 _a202312
_bLúcia Elande
_c55
_dLúcia Elande
942 _2AGRIS
_n0
_cMS
999 _c293861
_d293861